Social and Religious Concerns of East Africa: (Record no. 14517)
[ view plain ]
| 000 -LEADER | |
|---|---|
| fixed length control field | 00604nam a2200205Ia 4500 |
| 003 - CONTROL NUMBER IDENTIFIER | |
| control field | OSt |
| 005 - DATE AND TIME OF LATEST TRANSACTION | |
| control field | 20220524072906.0 |
| 008 - FIXED-LENGTH DATA ELEMENTS--GENERAL INFORMATION | |
| fixed length control field | 151021s9999 xx 000 0 und d |
| 020 ## - INTERNATIONAL STANDARD BOOK NUMBER | |
| International Standard Book Number | 9966708200 |
| 040 ## - CATALOGING SOURCE | |
| Original cataloging agency | MMU |
| Language of cataloging | eng |
| Transcribing agency | MMU |
| Modifying agency | MMU |
| 050 ## - LIBRARY OF CONGRESS CALL NUMBER | |
| Classification number | DT 14.A374243 2005 |
| 245 ## - TITLE STATEMENT | |
| Title | Social and Religious Concerns of East Africa: |
| Statement of responsibility, etc. | Gerald J. Wanjohi/ |
| Remainder of title | A Wajibu Anthology. |
| 260 ## - PUBLICATION, DISTRIBUTION, ETC. (IMPRINT) | |
| Place of publication, distribution, etc. | Nairobi : |
| Name of publisher, distributor, etc. | Fotoform , |
| Date of publication, distribution, etc. | 2005. |
| 300 ## - PHYSICAL DESCRIPTION | |
| Extent | xiv, 387 p. : |
| 500 ## - GENERAL NOTE | |
| General note | Includes index |
| 500 ## - GENERAL NOTE | |
| General note | Includes index |
| 650 ## - SUBJECT ADDED ENTRY--TOPICAL TERM | |
| Topical term or geographic name as entry element | Africa -Civilization |
| 700 ## - ADDED ENTRY--PERSONAL NAME | |
| Personal name | G. Wakuraya Wanjohi |
| 942 ## - ADDED ENTRY ELEMENTS (KOHA) | |
| Source of classification or shelving scheme | Library of Congress Classification |
| Koha item type | L |
| Withdrawn status | Lost status | Source of classification or shelving scheme | Damaged status | Not for loan | Home library | Current library | Date acquired | Source of acquisition | Cost, normal purchase price | Total Checkouts | Full call number | Barcode | Date last seen | Date last checked out | Price effective from | Koha item type |
|---|---|---|---|---|---|---|---|---|---|---|---|---|---|---|---|---|
| Library of Congress Classification | Maasai Mara University Library -Main Campus | Maasai Mara University Library -Main Campus | 08/04/2016 | Purchased | 1200.00 | 1 | DT14.A374243 2005 | 201312963 | 10/17/2017 | 10/11/2017 | 08/04/2016 | L |